000 01512cam a2200385 i 4500
999 _c10283
_d10283
001 20182250
003 GZU
005 20220111095157.0
008 171211s2018 enka b 001 0 eng
010 _a 2017059110
020 _a9781138497894 (hbk)
040 _aDLC
_beng
_cDLC
_erda
_dDLC
050 0 0 _aKJC6947
_b.HUM 2018
245 0 0 _aHuman rights law and regulating freedom of expression in new media :
_blessons from nordic approaches /
_cedited by Mart Susi, Jukka Viljanen, Eiríkur Jónsson and Arturs Kucs.
264 1 _aAbingdon, Oxon ;
_aNew York, NY :
_bRoutledge,
_c2018.
300 _aviii, 209 pages :
_billustrations ;
_c24 cm.
336 _atext
_btxt
_2rdacontent
337 _aunmediated
_bn
_2rdamedia
338 _avolume
_bnc
_2rdacarrier
490 0 _aRoutledge research in human rights law
500 _aLaw
504 _aIncludes bibliographical references and index.
650 0 _aMass media
_xLaw and legislation
_zEurope.
650 0 _aDigital media
_xLaw and legislation
_zEurope.
650 0 _aOnline journalism
_xLaw and legislation
_zEurope.
650 0 _aHuman rights
_zEurope
650 0 _aFreedom of expression
_zEurope.
700 1 _aSusi, Mart,
_d1965-,
_eeditor.
700 1 _aViljanen, Jukka,
_eeditor.
700 1 _aJónsson, Eiríkur
_eeditor.
700 1 _aKucs, Arturs
_eeditor.
906 _a7
_bcbc
_corignew
_d1
_eecip
_f20
_gy-gencatlg
942 _2lcc
_cBK
_h6947
_iHUM
_kKJC